| 000 | 00734nam a2200229 4500 | ||
|---|---|---|---|
| 001 | 32533 | ||
| 003 | AR-RoBPED | ||
| 005 | 20260410155505.0 | ||
| 008 | 260408s1970 es ||||er|||| 001 1 spa d | ||
| 040 | _aAR-RoBPED | ||
| 041 | _aspa | ||
| 100 |
_aYañez, Agustín _d1904-1980 _930655 |
||
| 245 | 1 | 4 |
_aLas tierras flacas / _cAgustín Yañez; prólogo de Manuel Andujar . |
| 260 |
_aEstella : _bSalvat, _c1970. |
||
| 300 | _a230 p. | ||
| 490 | 0 |
_a(Biblioteca Básica Salvat ; _vN° 47) |
|
| 650 | 4 |
_aLITERATURA MEXICANA _93638 |
|
| 650 | 4 |
_aNOVELAS _925 |
|
| 700 |
_aAndújar, Manuel, seud. _d1913-1994 _930656 _eprol. |
||
| 942 |
_2udc _ak. 32533 _cBK _h860(72)-31 _mY 78 _ninv. 42325 |
||
| 945 | _amm 08/04/2026 - cd 10/04/2026 | ||
| 999 |
_c32533 _d32533 |
||